LEADER 01483nam a2200265 u 4500 001 000000038490 003 CaOOAMICUS 005 20070226113901.0 008 980424q1990 it u000 u ita u 035 $a10792076 040 $aPUL(R)$bita 110 1 $aItalia.$bPresidenza del Consiglio dei ministri.$0(OLS)http://pul/name/28731 245 10$aNuove norme in materia di procedimento amministrativo e di diritto di accesso ai documenti amministrativi :$blegge 7 agosto 1990, n. 241. 260 $aRoma :$bIstituto Poligrafico e Zecca dello Stato,$c[1990?] 300 $a375 p. ;$c23 cm 490 1 $aCollana di testi e documenti ;$v6 650 4$aDiritto amministrativo$zItalia.$0(OLS)http://pul/subject/8339 710 1 $aItalia.$bPresidenza del Consiglio dei Ministri.$bDipartimento per l'informazione e l'editoria.$0(OLS)http://pul/name/28303 830 0$aCollana di testi e documenti (Italy. Dipartimento per l'informazione e l'editoria) ;$v6.$0(OLS)http://pul/title/52272 850 $aPUL 852 $aPUL$W1$xSL Diritto e Scienze Sociali 1$y4$m175 F 58$j52428$nBK-PRI$b $qStampati$B52428$CPULBib$Z2$F52428 $H $81 941 1 $a8 961 $aINV: 69118 996 $6245$aNuove norme in materia di procedimento amministrativo e di diritto di accesso ai documenti amministrativi :$blegge 7 agosto 1990, n. 241$9(OLS)http://pul/title/52271 996 $6260$aRoma :$bIstituto Poligrafico e Zecca dello Stato$9(OLS)http://pul/publisher/48997 LEADER 01530nam a2200313 a 4500 001 000000111436 003 CaOOAMICUS 005 20080505124431.0 008 080505s2007 it u000 u ita r 020 $z978-88-323-6083-7* 040 $aPUL$bita$dLDB 245 00$aPer Franco Brioschi :$bsaggi di lingua e letteratura italiana /$ca cura di Claudio Milanini e Silvia Morgana. 260 $aMilano :$bCisalpino,$c2007. 300 $a491 p. ;$c24 cm. 490 1 $aQuaderni di Acme ;$v94 500 $aIn testa al front.: Università degli studi di Milano. Facoltà di lettere e filosofia. 500 $aSul front. : Dipartimento di Filologia moderna. 504 $aBibliografia in nota. 650 4$aLetteratura italiana$xSaggi.$0(OLS)http://pul/subject/20609 700 1 $aMilanini, Claudio.$0(OLS)http://pul/name/68100 700 1 $aMorgana, Silvia.$0(OLS)http://pul/name/43871 710 2 $aUniversità degli studi di Milano.$bFacoltà di lettere e filosofia$bDipartimento di Filologia moderna.$0(OLS)http://pul/name/64987 830 0$aQuaderni di Acme ;$v94.$0(OLS)http://pul/title/6215 850 $aPUL 852 $aPUL$W1$xDP1 Riviste Correnti$y15$m1095 C 94$j127736$qPeriodici$B126439$CPULBib$Z2$F126439 $H107278 $82 941 1 $a5 996 $6020$z978-88-323-6083-7*$9(OLS)http://pul/number/137912 996 $6245$aPer Franco Brioschi :$bsaggi di lingua e letteratura italiana$9(OLS)http://pul/title/140136 996 $6260$aMilano :$bCisalpino$9(OLS)http://pul/publisher/58953